Instrucción de alcaldes, tenientes de alcalde, procuradores, síndicos y escribanos para los juicios verbales sobre faltas / (Record no. 184663)

MARC details
000 -LEADER
campo de control de longitud fija 00588nam a2200145 i 4500
001 - NÚMERO DE CONTROL
campo de control 184663
003 - IDENTIFICADOR DE NÚMERO DE CONTROL
campo de control ES-MaACL
005 - FECHA Y HORA DE LA ÚLTIMA TRANSACCIÓN
campo de control 20230906222241.0
008 - DATOS DE LONGITUD FIJA--INFORMACIÓN GENERAL
campo de control de longitud fija 151104s1848 sp |||| | spa d
245 00 - MENCIÓN DEL TÍTULO
Título Instrucción de alcaldes, tenientes de alcalde, procuradores, síndicos y escribanos para los juicios verbales sobre faltas /
Mención de responsabilidad, etc. por P.O.C.
260 ## - PUBLICACIÓN, DISTRIBUCIÓN, ETC.
Lugar de publicación, distribución, etc. Madrid :
Nombre del editor, distribuidor, etc. [s.n.],
Fecha de publicación, distribución, etc. 1848 (
Fabricante Imp. de Victoriano Hernando)
300 ## - DESCRIPCIÓN FÍSICA
Extensión 39 p. ;
Dimensiones 17 cm.
650 #4 - PUNTO DE ACCESO ADICIONAL DE MATERIA--TÉRMINO DE MATERIA
Término de materia o nombre geográfico como elemento de entrada Juicio de faltas-
Subdivisión geográfica España.
9 (RLIN) 158074
852 4# - LOCALIZACIÓN
Ubicación ES-MaACL
Número de control de estantería T-28-F-4
Nota libre - Enc. en un vol. facticio
-- - Falto de cub. original
Holdings
Estatus retirado Estado de pérdida Estado de daño No para préstamo Colección Biblioteca de origen Biblioteca actual Ubicación en estantería Fecha de adquisición Fuente de adquisición Total de préstamos Signatura topográfica completa Código de barras Visto por última vez Precio de reemplazo Tipo de ítem Koha
        Colección de folletos Biblioteca del Ateneo de Madrid Biblioteca del Ateneo de Madrid Depósito folletos 04/11/2015     T-28-F-4 1194426 23/02/2023 23/02/2023 Folleto